Metamorphism : (Record no. 12072)

MARC details
000 -LEADER
fixed length control field 00950nam a22002537i 4500
003 - CONTROL NUMBER IDENTIFIER
control field EG-ScBUE
005 - DATE AND TIME OF LATEST TRANSACTION
control field 20260309093302.0
008 - FIXED-LENGTH DATA ELEMENTS--GENERAL INFORMATION
fixed length control field 090628r19741932enka f 001 0 eng d
020 ## - INTERNATIONAL STANDARD BOOK NUMBER
International Standard Book Number 41212940X
040 ## - CATALOGING SOURCE
Original cataloging agency EG-ScBUE
Language of cataloging eng
Description conventions rda
Transcribing agency EG-ScBUE
Modifying agency EG-ScBUE
082 04 - DEWEY DECIMAL CLASSIFICATION NUMBER
Edition number 22
Classification number 552.4
Item number HAR
100 1# - MAIN ENTRY--PERSONAL NAME
Personal name Harker, Alfred,
Dates associated with a name 1859-1939,
Relator term author.
245 10 - TITLE STATEMENT
Title Metamorphism :
Remainder of title a study of the transformations of rock-masses /
Statement of responsibility, etc by the late Alfred Harker, M.A., LL.D., F.R.S., Sometime Fellow of St John's College and Emeritus Reader in Petrology in the University of Cambridge.
250 ## - EDITION STATEMENT
Edition statement Reprinted edition.
264 #1 - PUBLICATION, DISTRIBUTION, ETC. (IMPRINT)
Place of publication, distribution, etc London :
Name of publisher, distributor, etc Chapman and Hall,
Date of publication, distribution, etc 1974.
300 ## - PHYSICAL DESCRIPTION
Extent ix, 362 pages :
Other physical details illustrations ;
Dimensions 24 cm
336 ## - CONTENT TYPE
Source rdacontent
Content type term text
Content type code txt
337 ## - MEDIA TYPE
Media type term unmediated
Source rdamedia
Media type code n
338 ## - CARRIER TYPE
Carrier type term volume
Carrier type code nc
Source rdacarrier
500 ## - GENERAL NOTE
General note Includes index.
650 #7 - SUBJECT ADDED ENTRY--TOPICAL TERM
9 (RLIN) 6457
Topical term or geographic name as entry element Metamorphism (Geology)
Source of heading or term BUEsh
655 ## - INDEX TERM--GENRE/FORM
Form subdivision Reading book
942 ## - ADDED ENTRY ELEMENTS (KOHA)
Source of classification or shelving scheme Dewey Decimal Classification
Koha item type Book - Borrowing
Holdings
Withdrawn status Lost status Source of classification or shelving scheme Damaged status Not for loan Collection code Home library Current library Shelving location Date acquired Source of acquisition Cost, normal purchase price Total Checkouts Full call number Barcode Date last seen Price effective from Koha item type
    Dewey Decimal Classification     Alef-Baa Central Library Central Library First floor 28/06/2009   150.00   552.4 HAR 000017246 15/07/2025 28/06/2009 Book - Borrowing